000
00292nam a2200109Ia 4500
008
220204s9999 xx 000 0 und d
082
_a
651.2(035)
_b
CHA;1
100
_a
Chambers, Harry T
245
0
_a
Office equipment selection handbook
260
_a
London
_b
Business Books
_c
1976
942
_c
BK
999
_c
37126
_d
37126